Uhorská etapa života Johanna Ignaza-Felbigera 1724-1788

Podrobná bibliografia
Hlavní autori: Kowalská, Eva, 1955- (Autor), Felbiger, Johann Ignaz von, 1724-1788 (Autor)
Médium: Článok
Jazyk:slovenčina
Fyzický popis:Res. angl., nem., lit. v pozn.
ISSN:0018-2575
Predmet:

MARC

LEADER 00000nab a2200000 a 4500
001 vtls000523128
003 SK-MaSNL
005 20260304100017.0
008 250425c1994 xo 0 slo
015 |a SNBRB19rr/mm-uuuuu 
035 |a CL0523266 
035 |a (urnnbn)urn:nbn:sk:snk:ar-004shv 
035 |a (uuid)e7e472b4-d0b6-42d8-880e-73d6780544d2 
035 |a urn:nbn:sk:snk-ab7x8z 
040 |a SNKBUCL  |b slo  |c SNKBUCL  |e AACR2 
041 0 |a slo 
044 |a xo  |c SK 
080 |a 943.92"177/178":37  |2 1981 
080 |a 37.014.3(439.2)"177/178"  |2 1981 
100 1 |a Kowalská, Eva,  |d 1955-  |4 aut  |9 205566 
245 1 0 |a Uhorská etapa života Johanna Ignaza-Felbigera 1724-1788  |c Eva Kowalská 
300 |b Res. angl., nem., lit. v pozn. 
650 0 7 |a školstvo  |2 snkbucl  |9 19712 
650 0 7 |a školské reformy  |2 snkbucl  |9 50060 
651 7 |a Uhorsko  |2 snkbucl  |9 28673 
655 7 |a články z novín a časopisov  |2 snkbucl  |9 267496 
700 1 |a Felbiger, Johann Ignaz von,  |d 1724-1788  |4 aut  |9 169429 
773 0 |t Historický časopis  |g Roč. 42, č. 3 (1994), s. 455-467  |x 0018-2575 
850 |a Slovenská národná knižnica 
852 |a Slovenská národná knižnica 
954 |a odborná, vedecká literatúra pôvodná (slovenská)  |2 lita 
958 |a article9 
958 |a OND 
958 |a NB 
958 |a RK 
958 |a EUIPO 
992 |a RBX 
999 |c 2835355  |d 2837285